| 000 | 00907cab a22001935a 4500 | ||
|---|---|---|---|
| 001 | L153623 | ||
| 008 | 110810e2011 xxk 000 0 eng d | ||
| 035 | _a(Sirsi) u153623 | ||
| 041 | 0 | _aeng | |
| 100 | 1 | _aLjubic, Philip | |
| 245 | 0 | 0 | _aVolatility takes a summer break |
| 260 | _c2011 | ||
| 490 | 0 |
_aProperty Week _v77(31) 5 August 2011, 36(1) |
|
| 520 | _aProperty derivative pricing has hardly changed over the last month because of the lack of volatility in the underlying physical market and the effects of the holiday season. Looks at the issue of liquidity. Tables cover the implied IPD UK All Property Total Return Index (%) 2011-2015 and the discount on the Royal Bank of Scotland derivatives bid price maturity December 2011-December 2013. | ||
| 590 | _aKA | ||
| 651 | 4 |
_aUnited Kingdom _y |
|
| 690 | _aPROPERTY-COMMERCIAL PROPERTY-COMMERCIAL PROPERTY FINANCE AND INVESTMENT | ||
| 942 | _n0 | ||
| 999 |
_c83340 _d83340 |
||